• 首页
  • 本馆介绍
  • 公告通知
  • 最新文献
  • 馆藏检索
  • 电子资源
  • 读者导购
  • 参考咨询
  • 我的图书馆
  • 登录
  • 详细信息显示
  • 放入我的书架
  • 预约/预借图书
  • 作者相关作品
  • 分类相关作品
  • 丛书相关作品
  • 出版社相关作品

书目信息

  • 表格格式
  • 工作单格式
  • 卡片格式
题名:
财产保险
    
 
作者: 王绪瑾 , 乔林
分册:  
出版信息: 北京   中国人民大学出版社  2003
页数: 838
开本: 23cm
丛书名: 21世纪保险系列教材
单 册:
中图分类: F840.65
科图分类:
主题词: 保险
电子资源:
ISBN: 7-300-04321-6
000 00609nam0 2200217 450
001 0760515518
005 20070817164835.51
010    @a7-300-04321-6@d¥59.00
100    @a20070817d km y0chiy0120 ea
101 0  @achi
200 1  @a财产保险@Acai chan bao xian@f乔林,王绪瑾@Fqiao lin,wang xu jin
210    @a北京@c中国人民大学出版社@d2003
215    @a838@d23cm
225 2  @a21世纪保险系列教材
410  0 @12001 @a21世纪保险系列教材
606 0  @a保险
690    @aF840.65@v3
701  0 @a王绪瑾@Awang xu jin
701  0 @a乔林@Aqiao lin
801  0 @aCN@bPFT@c20070817
905    @a213230@dF840.65@eg37@f1
    
    财产保险/乔林,王绪瑾.-北京:中国人民大学出版社,2003
    838;23cm.-(21世纪保险系列教材)
    
    
    ISBN 7-300-04321-6:¥59.00
    
●
相关链接 在E读中查询图书 在五车中查询图书 在当当中查询图书 在豆瓣中查询图书


正题名:财产保险     索取号:F840.65/g37         预约/预借

序号 登录号 条形码 馆藏地/架位号 状态 备注
1 6502472   265024724   密集书库-海洋学院/ [索取号:F840.65/g37] 在馆    
2 6502473   265024733   密集书库-海洋学院/ [索取号:F840.65/g37] 在馆    
唐山师范学院图书馆 欢迎您!
大连网信软件有限公司© 版权所有